College Quizbowl Stats
College Quizbowl Stats
Circuits
Seasons
Sets
Records
Detailed Stats
About
Loading...
2024 ACF Fall at North Carolina
Tossups
Bonuses
Players
Teams
Categories (Tossup)
Categories (Bonus)
Tyler Davis
James Madison B
Categories
Category
Powers
Gets
Negs
BBs
Points
Earliest Buzz
Avg. Buzz
First Buzzes
Top 3 Buzzes
Fine Arts - Other Fine Arts
0
1
0
1
10
123
123.00
0
0
History - World History
0
1
0
0
10
63
63.00
0
0
Pop Culture
0
1
0
0
10
47
47.00
0
0
Religion
0
1
0
0
10
82
82.00
0
0
Buzzes
Category
Answer
Value
Buzz Position
Pop Culture
Ron Swanson
10
47
History - World History
Cuba
10
63
Religion
bowing
10
82
Fine Arts - Other Fine Arts
Rio de Janeiro
10
123
Previous
1
Next